| 000 | 01000nam a2200289 a 4500 | ||
|---|---|---|---|
| 003 | MX-MxUPN | ||
| 005 | 20241017100433.0 | ||
| 008 | 031006s1967 ag a jr 000 0 spa d | ||
| 035 | _aUPN01000129616 | ||
| 040 |
_aMX-MxUPN _bspa _cMX-MxUPN |
||
| 041 |
_aspa _hita |
||
| 050 | 4 |
_aTT160 _bT828 |
|
| 100 | 1 |
_aTusini, Juliana _954177 |
|
| 100 | 1 |
_aCunietti, Juana _954179 |
|
| 240 | 1 | 0 |
_aGioia di construire. _lEspañol |
| 245 | 1 | 0 |
_aAlegría de construir : _btrabajo manual y decoración |
| 260 |
_aBuenos Aires : _bEditorial Kapelusz, _c1967. |
||
| 300 |
_a89 páginas : _bilustraciones |
||
| 650 | 4 |
_aTrabajos manuales _910048 |
|
| 700 | 1 |
_aGianni Siccardi, Juan M. _954178 _etraducción |
|
| 710 | 2 |
_951335 _aMuseo Pedagógico Nacional (México) _epropietario anterior |
|
| 710 | 2 |
_951353 _aCentro Nacional de Documentación e Información Educativa (México) _epropietario anterior |
|
| 740 | 0 | _aTrabajo manual | |
| 902 | _bMaríaRobles/171024 | ||
| 905 | _aLibro | ||
| 942 |
_2lcc _cLIBRO _n0 |
||
| 999 |
_c101788 _d101788 |
||